000 00284nam a2200097Ia 4500
008 230907s9999||||xx |||||||||||||| ||und||
082 _a3.3
_bINF
245 0 _aInforming energy and climate policies using energy systems models :
260 _aSpringer:
_bSwitzerland;
_c2015
942 _cBK
999 _c597562
_d597562